<?xml version="1.0" encoding="UTF-8"?>
<record
    xmlns:xsi="http://www.w3.org/2001/XMLSchema-instance"
    xsi:schemaLocation="http://www.loc.gov/MARC21/slim http://www.loc.gov/standards/marcxml/schema/MARC21slim.xsd"
    xmlns="http://www.loc.gov/MARC21/slim">

  <leader>01013nam a22002177a 4500</leader>
  <datafield tag="999" ind1=" " ind2=" ">
    <subfield code="c">519</subfield>
    <subfield code="d">519</subfield>
  </datafield>
  <controlfield tag="003">OSt</controlfield>
  <controlfield tag="005">20220610131307.0</controlfield>
  <controlfield tag="008">180320b        xxu||||| |||| 00| 0 spa d</controlfield>
  <datafield tag="020" ind1=" " ind2=" ">
    <subfield code="a">9502008002</subfield>
  </datafield>
  <datafield tag="040" ind1=" " ind2=" ">
    <subfield code="c">PJ</subfield>
  </datafield>
  <datafield tag="100" ind1=" " ind2=" ">
    <subfield code="a">Leonardi de Herb&#xF3;n, Hebe Mabel  </subfield>
    <subfield code="9">661</subfield>
  </datafield>
  <datafield tag="245" ind1="1" ind2=" ">
    <subfield code="a">Arbitraje interno e internacional :</subfield>
    <subfield code="b">una mirada al futuro / </subfield>
    <subfield code="c">Hebe Leonardi De Herbon, Sara L. Feldstein de C&#xE1;rdenas; pr&#xF3;logo del Dr. Julio C&#xE9;sar Cueto R&#xFA;a.</subfield>
  </datafield>
  <datafield tag="260" ind1=" " ind2=" ">
    <subfield code="a">Buenos Aires :</subfield>
    <subfield code="b">Abeledo-Perrot, </subfield>
    <subfield code="c">1994.</subfield>
  </datafield>
  <datafield tag="300" ind1=" " ind2=" ">
    <subfield code="a">225 p.</subfield>
    <subfield code="c">18 cm.</subfield>
  </datafield>
  <datafield tag="504" ind1=" " ind2=" ">
    <subfield code="a">Bibliograf&#xED;a: p. 221-222.</subfield>
  </datafield>
  <datafield tag="505" ind1=" " ind2=" ">
    <subfield code="a">Capitulo I 
1. El arbitraje.
Capitulo II
1. An&#xE1;lisis del reglamento del tribunal de arbitraje general y mediaci&#xF3;n.
Capitulo III
1. Ley modelo.
 Capitulo IV 
1. Proyecto de ley de arbitraje.
Capitulo V
1. Reflexiones finales.

</subfield>
  </datafield>
  <datafield tag="650" ind1=" " ind2="0">
    <subfield code="9">331</subfield>
    <subfield code="a">DERECHO INTERNACIONAL PUBLICO</subfield>
  </datafield>
  <datafield tag="650" ind1=" " ind2="0">
    <subfield code="9">664</subfield>
    <subfield code="a">ARBITRAJE INTERNACIONAL</subfield>
  </datafield>
  <datafield tag="700" ind1=" " ind2=" ">
    <subfield code="9">662</subfield>
    <subfield code="a">Feldstein de C&#xE1;rdenas, Sara L.  </subfield>
  </datafield>
  <datafield tag="942" ind1=" " ind2=" ">
    <subfield code="2">udc</subfield>
    <subfield code="c">LIB</subfield>
    <subfield code="h">341.63</subfield>
    <subfield code="i">LEO</subfield>
  </datafield>
  <datafield tag="952" ind1=" " ind2=" ">
    <subfield code="0">0</subfield>
    <subfield code="1">0</subfield>
    <subfield code="2">udc</subfield>
    <subfield code="4">0</subfield>
    <subfield code="7">0</subfield>
    <subfield code="a">DJS</subfield>
    <subfield code="b">DJS</subfield>
    <subfield code="d">2018-05-18</subfield>
    <subfield code="o">341.63 LEO</subfield>
    <subfield code="p">2422</subfield>
    <subfield code="r">2018-05-18</subfield>
    <subfield code="w">2018-05-18</subfield>
    <subfield code="y">LIB</subfield>
  </datafield>
</record>
